Tvorba strategie a strategické plánování teorie a praxe
Salvato in:
| Autore principale: | |
|---|---|
| Altri autori: | , , , |
| Natura: | Libro |
| Lingua: | ceco |
| Pubblicazione: |
Praha
GRADA Publishing
2012
|
| Serie: | Expert
|
| Soggetti: | |
| Tags: |
Nessun Tag, puoi essere il primo ad aggiungerne!!
|
MARC
| LEADER | 00000nam a2200000 4500 | ||
|---|---|---|---|
| 001 | 0160613 | ||
| 005 | 20240313090532.4 | ||
| 020 | |a 978-80-247-3985-4 | ||
| 041 | 0 | |a cze | |
| 044 | |a CZ | ||
| 245 | 1 | 0 | |a Tvorba strategie a strategické plánování |b teorie a praxe |c Jiří Fotr ...[et al.] |
| 264 | 1 | |a Praha |b GRADA Publishing |c 2012 | |
| 300 | |a 381 s. | ||
| 490 | 1 | |a Expert | |
| 830 | 0 | |a Expert | |
| 610 | 2 | 0 | |a riadenie strategické |
| 610 | 2 | 0 | |a plánovanie strategické |
| 610 | 2 | 0 | |a manažment strategický |
| 610 | 2 | 0 | |a modely |
| 610 | 2 | 0 | |a metódy |
| 610 | 2 | 0 | |a programy investičné |
| 610 | 2 | 0 | |a plán finančný |
| 610 | 2 | 0 | |a kontroling strategický |
| 610 | 2 | 0 | |a riadenie rizík |
| 610 | 2 | 0 | |a business intelligence |
| 100 | 1 | |a Fotr, Jiří | |
| 700 | 1 | |a Vacík, Emil | |
| 700 | 1 | |a Souček, Ivan | |
| 700 | 1 | |a Špaček, Miroslav | |
| 700 | 1 | |a Hájek, Stanislav | |